| 000 | 00628nam a22001577a 4500 | ||
|---|---|---|---|
| 005 | 20250206171215.0 | ||
| 008 | 241026b |||||||| |||| 00| 0 eng d | ||
| 100 |
_aSalama, Jordan. _eauthor. _963498 |
||
| 245 |
_aInnovator : _bCatherine De Medici Jaffee / _cJordan Salama, and Benjamin Rasmussen. |
||
| 260 |
_aWashington ; _bNational Geographic Partners, LLC., _cOctober 2022. |
||
| 300 |
_avolume 241, pages 20-21, _billustration. |
||
| 500 | _aNational Geographic, v. 242, n. 4, pages 20-21, September 2022. | ||
| 700 |
_aSalama, Jordan. _eauthor. _963497 |
||
| 700 |
_aRasmussen, Benjamin. _eauthor. _963499 |
||
| 942 |
_2ddc _cPER |
||
| 999 |
_c22940 _d22940 |
||